| 000 | 00440nam a22001577a 4500 | ||
|---|---|---|---|
| 003 | GBCCL | ||
| 005 | 20251201124234.0 | ||
| 008 | 180702b ||||| |||| 00| 0 eng d | ||
| 040 | _cgbc | ||
| 082 |
_aVER 220.5954 _bMIZ 1 |
||
| 245 |
_aPathian Lehkhabu Thianghlim: _bThuthlung Hlui leh Thuthlung Thar |
||
| 260 |
_aBangalore: _bBible Society of India |
||
| 300 |
_a1240 p.; _bmaps, _c20 cm. |
||
| 650 |
_aBible _xMizo _912290 |
||
| 942 |
_2ddc _cREF |
||
| 999 |
_c6873 _d6873 |
||